| 000 | 00904nam a2200289 i 4500 | ||
|---|---|---|---|
| 001 | 7269 | ||
| 003 | ES-MaACL | ||
| 005 | 20230906145211.0 | ||
| 007 | t| | ||
| 008 | 901114s1990 xxu ||||1| eng d | ||
| 020 | _a0-19-851973-7 | ||
| 080 | _a621-52 | ||
| 080 | _a001:1 | ||
| 080 | _a1:001 | ||
| 100 | 1 |
_aPenrose, Roger. _990183 |
|
| 245 | 1 | 4 |
_aThe Emperor's new mind _b: concerning computers, minds, and the laws of physics / _cRoger Penrose ; foreword by Martin Gardner. |
| 250 | _a1st. ed. repr. | ||
| 260 |
_aOxford [etc.] : _bOxford University Press, _c1990. |
||
| 300 |
_aXIII, 466 p. : _bil. ; _c24 cm. |
||
| 500 | _aIndices. | ||
| 504 | _aBibliogr.: p. 452-460. | ||
| 650 | 1 | 4 |
_aOrdenadores. _915740 |
| 650 | 1 | 4 |
_aInteligencia artificial. _913861 |
| 650 |
_aCiencia- _xFilosofĂa. _910950 |
||
| 700 | 1 |
_aGardner, Martin. _955513 |
|
| 852 |
_aES-MaACL _jL-14457 _bR.118543 _z. - cart. |
||
| 999 |
_c7269 _d7269 |
||